Una sociedad conflictiva: España 1469-1714
Guardat en:
| Autor principal: | |
|---|---|
| Format: | Llibre |
| Idioma: | espanyol |
| Publicat: |
Madrid, España
Alianza
1984
|
| Col·lecció: | Libro de Bolsillo. Sección Humanidades
|
| Matèries: | |
| Etiquetes: |
Afegir etiqueta
Sense etiquetes, Sigues el primer a etiquetar aquest registre!
|
MARC
| LEADER | 00000nam a2200000 a 4500 | ||
|---|---|---|---|
| 001 | UCO0970 | ||
| 003 | CL-VaPUC | ||
| 005 | 20210521001543.0 | ||
| 008 | 000428e19840000SP |||||||||||||||||spa|d | ||
| 999 | |c 287605 |d 287603 | ||
| 040 | |c Pontificia Universidad Católica de Valparaíso | ||
| 082 | 0 | 4 | |a 946.04 KAM 1984 |2 21 |
| 100 | |a Kamen, Henry |e author |9 548246 | ||
| 245 | 1 | 4 | |a Una sociedad conflictiva: |b España 1469-1714 |
| 260 | |a Madrid, España |b Alianza |c 1984 | ||
| 300 | |a 461 páginas | ||
| 490 | 0 | |a Libro de Bolsillo. Sección Humanidades | |
| 583 | |a last modification |c 20000428 00:00:00 |k Rodrigo Vera | ||
| 600 | 0 | 7 | |a HASBURGOS |2 CL-VaPUC |9 442658 |z ESPAÑA |
| 600 | 0 | 7 | |a AUSTRIAS |2 CL-VaPUC |9 442510 |z ESPAÑA |
| 600 | 0 | 7 | |a CARLOS V |2 CL-VaPUC |9 349626 |z ESPAÑA |
| 600 | 0 | 7 | |a FELIPE II |2 CL-VaPUC |9 314006 |z ESPAÑA |
| 650 | 0 | |a Historia de España |y SIGLOS 16-17 |9 315435 | |
| 650 | 7 | |a REYES CATOLICOS |2 CL-VaPUC |9 420971 |y SIGLOS 16-17 |z ESPAÑA | |
| 852 | |a BIBCUR | ||
| 942 | |c BK |2 ddc | ||
| 945 | |d 20000428 00:00:00 |a rherrera | ||
| 952 | |0 0 |1 0 |2 ddc |4 0 |6 946_040000000000000_KAM_1984 |7 0 |8 A |9 334531 |a BIBHIS |b BIBHIS |d 2019-11-20 |i 1268724 |o 946.04 KAM 1984 |p 1268724 |r 2025-01-20 |t 1 |w 2019-11-20 |y BK |k HIS | ||
| 952 | |0 0 |1 0 |2 ddc |4 0 |6 946_040000000000000_KAM_1984 |7 0 |8 A |9 334532 |a BIBHIS |b BIBHIS |d 2019-11-20 |i 1268732 |o 946.04 KAM 1984 |p 1268732 |r 2025-01-20 |t 2 |w 2019-11-20 |y BK |k HIS | ||
| 952 | |0 0 |1 0 |2 ddc |4 0 |6 946_040000000000000_KAM_1984 |7 0 |8 A |9 334533 |a BIBHIS |b BIBHIS |d 2019-11-20 |i 1268740 |o 946.04 KAM 1984 |p 1268740 |r 2025-01-20 |t 3 |w 2019-11-20 |y BK |k HIS | ||